000 00767nam a2200241 a 4500
001 000046441
003 DO-SdBNP
005 20250321095900.0
007 ta
008 150814s2002 dr 000 0 spa d
020 _a9223133084
040 _aDO-SdBNP
_bspa
_cBNPHU
_erda
082 4 _axxx
_bxxx
_222
245 0 0 _aExplotación sexual comercial de personas menores de edad en República Dominicana.
264 1 _aSanto Domingo :
_bProfamilia,
_c2002.
300 _a207 páginas ;
_c23 cm.
336 _atexto
_btxt
_2rdacontent
337 _asin mediación
_bn
_2rdamedia
338 _avolumen
_bnc
_2rdacarrier
590 _aInventariado, 2025/BT
710 2 _aInstituto de Estudios de Población y Desarrollo (República Dominicana)
_970393
942 _2ddc
_cLBS1
999 _c45930
_d45930